000 01398nam0a22002531 4500
001 rc\912064
005 20041129094758.5
035 _a(NLR Aleph) 006086707
090 _a5129106
_c5129106
100 _a20041129d1984 u |0rusy50 ca
101 0 _arus
102 _aRU
105 _aa |||||||||
200 1 _aОперативное управление ресурсами в многотемном разрабатывающем предприятии (алгоритм формирования оптимального календарного плана загрузки подразделений НИИиКБ)
_eМетод. разраб.
_fИн-т повышения квалификации руководящих работников и специалистов судостроит. пром-сти
_g[К. э. н. Е.А. Залесский]
210 _aЛ.
_cИПКСП
_d1984
215 _a26 с.
_cил.
_d20
320 _aБиблиогр.: с. 25
702 1 _aЗалесский
_bЕ. А.
_gЕвгений Александрович
_4220
712 0 2 _aИнститут повышения квалификации руководящих работников и специалистов судостроительной промышленности
_cЛенинград
801 0 _aRU
_bNLR
_gpsbo
801 1 _aRU
_bELAR
_2rusmarc
852 _aNLR
_j85-4/16757
942 _cBOOK
980 _aNB